000 01812pam a2200457 c 4500
001 1024902234
003 DE-101
005 20240131205525.0
007 tu
008 120807s2012 gw ||||| |||| 00||||ger
015 _a12,B35
_z12,N33
_2dnb
016 7 _2DE-101
_a1024902234
020 _a9783864240546
_cGewebe : EUR 36.00 (DE), EUR 37.10 (AT)
024 3 _a9783864240546
035 _a(DE-599)DNB1024902234
035 _a(OCoLC)808728162
040 _a1245
_bger
_cDE-101
_d9999
041 _ager
044 _cXA-DE-RP
082 0 4 _82\u
_a929.34341662
_qDE-101
_222/ger
083 7 _a920
_a943
_qDE-101
_222sdnb
085 _82\u
_b929.3
085 _82\u
_z2
_s4341662
090 _ab
100 1 _81\p
_aBinzer, Edgar
_eVerfasser
_4aut
245 1 0 _aFamilienbuch Kirch-Göns und Pohl-Göns
_bab 1610
_cEdgar Binzer
264 1 _aPlaidt
_bCardamina-Verl. Breuel
_c2012
300 _a609 S.
_c31 cm
336 _aText
_btxt
_2rdacontent
337 _aohne Hilfsmittel zu benutzen
_bn
_2rdamedia
338 _aBand
_bnc
_2rdacarrier
490 1 _aReihe Deutsche Ortssippenbücher
_vBd. 00.689
500 _aInhalt 006 Vorwort 007 Grußwort von Pfarrer William Thum 008 Tipps zur Benutzung 009 Quellen 009 Pfarrer in Kirch-Göns 010 Pfarrer in Pohl-Göns 011 Die amilien 588 Register der Namen 602 Register der Orte
653 _a(Produktform)Hardback
653 _a(VLB-WN)1558: Hardcover, Softcover / Geschichte/Regionalgeschichte, Ländergeschichte
830 0 _aDeutsche Ortssippenbücher
_vBd. 00.689
_w(DE-101)101500783X
_w(DE-600)2626990-9
_910 3689
_7as
856 4 2 _mB:DE-101
_qapplication/pdf
_uhttps://d-nb.info/1024902234/04
_3Inhaltsverzeichnis
883 2 _81\p
_adnb
_d20200610
_qDE-101
_uhttps://d-nb.info/provenance/plan#dnb
942 _2z
_cBU
_n0
999 _c2508
_d2508